[Event "Calvia Amateur op 9th"]
[Site "Calvia"]
[Date "2012.10.14"]
[Round "9"]
[White "Reyes Moreno, Jose"]
[Black "Abrines Sampol, Lorenzo"]
[Result "0-1"]
[WhiteElo "1494"]
[BlackElo "1707"]
[PlyCount "80"]
[EventDate "2012.10.06"]
[EventType "swiss"]
[EventRounds "9"]
[EventCountry "ESP"]
[SourceTitle "EXT 2013"]
[Source "ChessBase"]
[SourceDate "2012.11.22"]
[SourceVersion "1"]
[SourceVersionDate "2012.11.22"]
[SourceQuality "1"]

1. e4 c6 2. Nc3 d5 3. d4 dxe4 4. Nxe4 Nf6 5. Nc3 Bf5 6. Bd3 Bxd3 7. Qxd3 e6 8. Bg5 Be7 9. 0-0-0 Nbd7 10. Be3 Nb6 11. h3 Nfd5 12. Nxd5 cxd5 13. a3 Rc8 14. Ne2 Nc4 15. Bd2 a5 16. Kb1 b5 17. Qb3 Qb6 18. c3 a4 19. Qa2 0-0 20. Kc2 Na5 21. Rb1 Rc4 22. Rhc1 Nb3 23. Rd1 Rfc8 24. Kd3 Bf6 25. Be3 Qd8 26. Nc1 Na5 27. Bd2 e5 28. b3 axb3 29. Nxb3 exd4 30. Nxd4 Bxd4 31. cxd4 Qf6 32. Be3 Qf5+ 33. Kd2 Rc2+ 34. Qxc2 Qxc2+ 35. Ke1 Nc4 36. Rbc1 Qe4 37. Kf1 Re8 38. Re1 Kf8 39. Rxc4 dxc4 40. Bd2 Qd3+ 0-1